[Event "Essent open"]
[Site "Hoogeveen"]
[Date "2005.10.24"]
[Round "4"]
[White "Kolev, Atanas"]
[Black "Van der Plas, Rob"]
[Result "1-0"]
[WhiteElo "2559"]
[BlackElo "2211"]
[PlyCount "69"]
[EventDate "2005.10.21"]

1. e4 e6 2. d4 d5 3. Nd2 Nf6 4. e5 Nfd7 5. Bd3 c5 6. c3 Nc6 7. Ne2 cxd4 8. cxd4
f5 9. exf6 Nxf6 10. Nf3 Bd6 11. O-O Qc7 12. Bg5 O-O 13. Rc1 Ng4 14. Ng3 Bd7 15.
Bb1 Rf7 16. Bd2 h6 17. Qc2 g5 18. Qg6+ Rg7 19. Qh5 Nf6 20. Qxh6 Ng4 21. Qh3
Nxf2 22. Rxf2 g4 23. Qh6 Bxg3 24. hxg3 gxf3 25. Rxf3 Qb6 26. Rcf1 Qxd4+ 27. Be3
Qb4 28. g4 Ne5 29. Rh3 Nf7 30. Bh7+ Kf8 31. Bg6 Be8 32. Qh8+ Rg8 33. Bh6+ Ke7
34. Qxg8 Nxh6 35. Qf8+ 1-0

[Event "Essent open"]
[Site "Hoogeveen"]
[Date "2005.10.24"]
[Round "4"]
[White "De Jong, Migchiel"]
[Black "Wiersma, Eelke"]
[Result "1/2-1/2"]
[WhiteElo "2277"]
[BlackElo "2431"]
[PlyCount "28"]
[EventDate "2005.10.21"]

1. Nf3 d5 2. b3 c5 3. e3 e6 4. Bb2 Nf6 5. d4 Nc6 6. Bd3 Be7 7. O-O O-O 8. a3 b6
9. Nbd2 a5 10. Qe2 a4 11. Rfc1 Bb7 12. c4 Nd7 13. cxd5 exd5 14. bxa4 Rxa4
1/2-1/2

[Event "Essent open"]
[Site "Hoogeveen"]
[Date "2005.10.24"]
[Round "4"]
[White "Vul, Arkadi Eremeevich"]
[Black "Vogel, Jaap"]
[Result "1/2-1/2"]
[WhiteElo "2423"]
[BlackElo "2261"]
[PlyCount "88"]
[EventDate "2005.10.21"]

1. Nf3 Nf6 2. c4 e6 3. Nc3 Bb4 4. Qc2 b6 5. a3 Bxc3 6. Qxc3 Bb7 7. b4 a5 8. Bb2
Qe7 9. g3 axb4 10. axb4 Rxa1+ 11. Bxa1 Na6 12. b5 Nc5 13. Bg2 O-O 14. O-O Ra8
15. Qc2 h6 16. d3 Qd8 17. Bc3 Ra7 18. Ra1 Rxa1+ 19. Bxa1 Qa8 20. Bxf6 gxf6 21.
Qb2 Kg7 22. Nh4 Qa4 23. Bxb7 Nxb7 24. Nf3 Nc5 25. Kg2 Nb3 26. h4 c6 27. Nd4
Nxd4 28. Qxd4 cxb5 29. g4 Qa8+ 30. e4 e5 31. Qd6 bxc4 32. g5 hxg5 33. hxg5 fxg5
34. Qxe5+ f6 35. Qe7+ Kg6 36. dxc4 Qg8 37. Qxd7 Qxc4 38. Qe8+ Kg7 39. Qd7+ Qf7
40. Qc6 Qe7 41. Qxb6 Qxe4+ 42. f3 Qe2+ 43. Kg3 Kg6 44. Qb3 Qe1+ 1/2-1/2

[Event "Essent open"]
[Site "Hoogeveen"]
[Date "2005.10.24"]
[Round "4"]
[White "Vedder, Richard"]
[Black "Brandenburg, Daan"]
[Result "1-0"]
[WhiteElo "2224"]
[BlackElo "2395"]
[PlyCount "107"]
[EventDate "2005.10.21"]

1. e4 c5 2. Nf3 d6 3. Nc3 Nc6 4. Bb5 Bd7 5. Bxc6 Bxc6 6. d4 cxd4 7. Qxd4 e5 8.
Qd3 Qa5 9. O-O Qa6 10. Qxa6 bxa6 11. Be3 Nf6 12. Nd2 d5 13. exd5 Nxd5 14. Nxd5
Bxd5 15. c4 Be6 16. Rac1 f6 17. Ne4 Bf5 18. Ng3 Bd7 19. f4 Bd6 20. Ne4 Bc7 21.
fxe5 Bxe5 22. Bf4 Bxb2 23. Rb1 Bd4+ 24. Kh1 Bc6 25. Nd6+ Kf8 26. c5 Kg8 27. Nf5
Bxc5 28. Rbc1 Bb5 29. Rxc5 Bxf1 30. Rc7 Rd8 31. Bd6 Rxd6 32. Rc8+ Kf7 33. Nxd6+
Ke6 34. Rxh8 Kxd6 35. Rxh7 g6 36. Rf7 Ke6 37. Rxa7 Bc4 38. Kg1 Ke5 39. a3 Bb5
40. Kf2 Kf4 41. a4 Bc4 42. Rc7 Bd5 43. g3+ Ke5 44. h4 Kf5 45. Rc5 Ke6 46. g4
Kd6 47. Ra5 Bc4 48. h5 gxh5 49. gxh5 Ke7 50. Rc5 Bb3 51. Rc7+ Kf8 52. a5 Bd5
53. Ke3 Kg8 54. Kf4 1-0

[Event "Essent open"]
[Site "Hoogeveen"]
[Date "2005.10.24"]
[Round "4"]
[White "Michielsen, Joost"]
[Black "Wempe, Joost"]
[Result "1-0"]
[WhiteElo "2362"]
[BlackElo "2221"]
[PlyCount "123"]
[EventDate "2005.10.21"]

1. e4 e6 2. d4 d5 3. Nc3 dxe4 4. Nxe4 Nd7 5. Nf3 Ngf6 6. Nxf6+ Nxf6 7. Ne5 c5
8. Be3 Qc7 9. Bb5+ Bd7 10. Nxd7 Qa5+ 11. Qd2 Qxb5 12. Nxf6+ gxf6 13. O-O-O Rd8
14. Qc3 Qb4 15. Qxb4 cxb4 16. d5 e5 17. f4 Bd6 18. Rhe1 Rg8 19. g3 Kd7 20. fxe5
fxe5 21. Rf1 Ke7 22. Rf5 f6 23. Rdf1 Rg6 24. Rh5 Rg7 25. Rh6 Rf7 26. Rf5 b6 27.
g4 Bc5 28. Bxc5+ bxc5 29. g5 Rxd5 30. Rhxf6 Rxf6 31. Rxf6 e4 32. h4 e3 33. Rf3
Re5 34. Kd1 Re4 35. h5 e2+ 36. Ke1 Rh4 37. g6 hxg6 38. hxg6 Rg4 39. Rf7+ Ke6
40. Rxa7 Rg2 41. Rg7 c4 42. Rb7 Kd5 43. Rxb4 Rxg6 44. Rb8 Re6 45. Rd8+ Kc5 46.
c3 Ra6 47. a3 Rh6 48. Rd2 Kb5 49. Rxe2 Ka4 50. Re8 Kb3 51. Rb8+ Kc2 52. Ke2 Rh3
53. a4 Rg3 54. a5 Rg5 55. a6 Re5+ 56. Kf3 Ra5 57. Rb6 Kd3 58. Kf4 Ra1 59. Ke5
Ra5+ 60. Kd6 Kc2 61. Kc6 Ra2 62. Kb7 1-0

[Event "Essent open"]
[Site "Hoogeveen"]
[Date "2005.10.24"]
[Round "4"]
[White "Dogge, Marc"]
[Black "Grooten, Herman"]
[Result "1-0"]
[WhiteElo "2168"]
[BlackElo "2350"]
[PlyCount "47"]
[EventDate "2005.10.21"]

1. e4 c6 2. d4 d5 3. Nc3 g6 4. h3 Nh6 5. Nf3 Bg7 6. Bf4 f6 7. Qd2 Nf7 8. e5 O-O
9. O-O-O b5 10. Bd3 Na6 11. Kb1 Nc7 12. Ne2 Ne6 13. h4 Nxf4 14. Nxf4 fxe5 15.
dxe5 Bg4 16. h5 Nxe5 17. hxg6 hxg6 18. Nxe5 Bxe5 19. Nxg6 Bg7 20. Nxf8 e5 21.
f3 e4 22. Bxe4 Qf6 23. Bxd5+ Kxf8 24. Qb4+ 1-0

[Event "Essent open"]
[Site "Hoogeveen"]
[Date "2005.10.24"]
[Round "4"]
[White "Hasanova, Elmira"]
[Black "Ahlers, Ben"]
[Result "1-0"]
[WhiteElo "2342"]
[BlackElo "2198"]
[PlyCount "61"]
[EventDate "2005.10.21"]

1. d4 Nf6 2. Nf3 g6 3. Bg5 Bg7 4. Nbd2 O-O 5. e4 d6 6. Be2 h6 7. Bh4 c6 8. O-O
Qc7 9. c3 Nbd7 10. Qc2 e5 11. Rfe1 Re8 12. Bf1 a6 13. a4 b6 14. dxe5 dxe5 15.
Nc4 b5 16. Ne3 Bb7 17. Nd2 Rad8 18. f3 Nc5 19. a5 Rxd2 20. Qxd2 Nb3 21. Qc2
Nxa1 22. Rxa1 Rd8 23. c4 Qe7 24. cxb5 cxb5 25. Rc1 Qb4 26. Be1 Qd4 27. Bf2 Qb4
28. Be1 Qd4 29. Rd1 Qxe3+ 30. Bf2 Rxd1 31. Qxd1 1-0

[Event "Essent open"]
[Site "Hoogeveen"]
[Date "2005.10.24"]
[Round "4"]
[White "Fominykh, Maria"]
[Black "Van Opheusden, Bas"]
[Result "1-0"]
[WhiteElo "2335"]
[BlackElo "2190"]
[PlyCount "75"]
[EventDate "2005.10.21"]

1. e4 c5 2. Nf3 d6 3. d3 Nc6 4. g3 g6 5. Bg2 Bg7 6. O-O e6 7. c3 Nf6 8. Re1 O-O
9. Nbd2 Nd7 10. Nc4 Nde5 11. Nfxe5 dxe5 12. a4 Qc7 13. h4 b6 14. h5 Bb7 15.
hxg6 hxg6 16. Qg4 a6 17. Be3 Rfd8 18. Bf1 b5 19. Nd2 Ne7 20. Nb3 f5 21. Qg5 c4
22. Bc5 Nc8 23. dxc4 bxa4 24. Rxa4 Kf7 25. Bg2 Bf6 26. Qe3 Qc6 27. Rb4 a5 28.
Rxb7+ Qxb7 29. exf5 Qxb3 30. fxe6+ Kxe6 31. Bxa8 Qxc4 32. Bd4 Nd6 33. Bxe5 Rxa8
34. Bxf6+ Kxf6 35. Qe7+ Kf5 36. Re5+ Kg4 37. Rg5+ Kf3 38. Qe3# 1-0

[Event "Essent open"]
[Site "Hoogeveen"]
[Date "2005.10.24"]
[Round "4"]
[White "Ouwendijk, Vincent"]
[Black "Weisbuch, Udi"]
[Result "1/2-1/2"]
[WhiteElo "2107"]
[BlackElo "2299"]
[PlyCount "103"]
[EventDate "2005.10.21"]

1. e4 e6 2. d4 d5 3. Nc3 Nf6 4. e5 Nfd7 5. f4 c5 6. Nf3 Nc6 7. Be3 cxd4 8. Nxd4
Bc5 9. Qd2 a6 10. O-O-O O-O 11. h4 Qc7 12. Rh3 Na5 13. Rg3 b5 14. Re1 Nb6 15.
f5 Qxe5 16. Bf2 Qf6 17. Nxe6 Nac4 18. Bxc4 Nxc4 19. Bxc5 Nxd2 20. Nxd5 Qxh4 21.
Rxg7+ Kh8 22. g3 fxe6 23. gxh4 Kxg7 24. Bxf8+ Kxf8 25. fxe6 Bb7 26. e7+ Kf7 27.
Nc7 Ne4 28. Nxa8 Bxa8 29. Rg1 Nf6 30. Kd2 Bd5 31. Kc3 Be4 32. Kb4 Bxc2 33. Ka5
Kxe7 34. Kxa6 Bd3 35. Rd1 Nd7 36. Ka5 Ne5 37. Kb4 Ke6 38. b3 Kf5 39. Kc3 Be2
40. Rd2 Bf3 41. Kb4 Bc6 42. Kc5 h5 43. Rf2+ Bf3 44. Kxb5 Kg4 45. a4 Kxh4 46.
Rxf3 Nxf3 47. a5 Nd4+ 48. Kb6 Nf5 49. a6 Nd6 50. Kc6 Nc8 51. Kb7 Nd6+ 52. Kc6
1/2-1/2

[Event "Essent open"]
[Site "Hoogeveen"]
[Date "2005.10.24"]
[Round "4"]
[White "Henrichs, Thomas"]
[Black "Van Weersel, Arlette"]
[Result "1-0"]
[WhiteElo "2447"]
[BlackElo "2174"]
[PlyCount "79"]
[EventDate "2005.10.21"]

1. e4 e5 2. Nf3 Nc6 3. Bb5 a6 4. Ba4 Nf6 5. O-O b5 6. Bb3 Be7 7. Re1 O-O 8. h3
Bb7 9. d3 d6 10. a3 Na5 11. Ba2 c5 12. Nbd2 Bc8 13. c3 Nc6 14. Nf1 Be6 15. Bxe6
fxe6 16. b4 Qc7 17. Qb3 d5 18. bxc5 Bxc5 19. Bg5 Qd7 20. a4 Rab8 21. axb5 axb5
22. Ra6 Ne8 23. Bh4 Nc7 24. Ra2 d4 25. Rc1 b4 26. cxb4 Bxb4 27. Bg3 Bd2 28.
Qxb8 Rxb8 29. N1xd2 Nb5 30. Nxe5 Nxe5 31. Bxe5 Rf8 32. Rc5 Nc3 33. Ra6 Ne2+ 34.
Kf1 Nf4 35. Rc7 Qb5 36. Rxg7+ Kh8 37. Rg5+ Qxe5 38. Rxe5 Nxd3 39. Rexe6 Rxf2+
40. Kg1 1-0

[Event "Essent open"]
[Site "Hoogeveen"]
[Date "2005.10.24"]
[Round "4"]
[White "Schuurman, Petra"]
[Black "Jelic, Bruno"]
[Result "1-0"]
[WhiteElo "2279"]
[BlackElo "2104"]
[PlyCount "61"]
[EventDate "2005.10.21"]

{**Extended header information:|||S2/time ||**} 1. Nf3 c5 2. c4 Nc6 3. Nc3 e5
4. g3 g6 5. d3 Bg7 6. Bg2 Nge7 7. O-O O-O 8. Nd5 d6 9. a3 a5 10. Rb1 Nxd5 11.
cxd5 Ne7 12. Nd2 b5 13. Qb3 a4 14. Qa2 f5 15. b4 axb3 16. Qxb3 Bd7 17. f4 exf4
18. gxf4 h6 19. Kh1 Kh7 20. Bb2 Bxb2 21. Qxb2 g5 22. e4 gxf4 23. e5 dxe5 24. d6
Ng6 25. Nf3 e4 26. Ne5 f3 27. Bh3 Nf4 28. Rg1 Rg8 29. Rxg8 Kxg8 30. Rg1+ Kh7
31. Nxd7 1-0

[Event "Essent open"]
[Site "Hoogeveen"]
[Date "2005.10.24"]
[Round "4"]
[White "Hendriks, Richard"]
[Black "Weeks, Manuel"]
[Result "0-1"]
[WhiteElo "2157"]
[BlackElo "2268"]
[PlyCount "56"]
[EventDate "2005.10.21"]

1. e4 c6 2. Nc3 d5 3. f4 g6 4. Nf3 Bg7 5. d4 dxe4 6. Nxe4 Nh6 7. Bc4 O-O 8. O-O
Nf5 9. c3 Nd6 10. Bd3 Be6 11. Nfg5 Bd5 12. Nxd6 Qxd6 13. f5 Nd7 14. Bf4 Qf6 15.
Nxh7 Qh4 16. Nxf8 Rxf8 17. c4 g5 18. Bg3 Qxd4+ 19. Bf2 Qxb2 20. f6 Nxf6 21.
cxd5 cxd5 22. Qb3 Qe5 23. Rae1 Qd6 24. Bg3 Qc5+ 25. Kh1 Nh5 26. Be5 f6 27. Bb2
Kf7 28. Ba3 Ng3+ 0-1

[Event "Essent open"]
[Site "Hoogeveen"]
[Date "2005.10.24"]
[Round "4"]
[White "Bitalzadeh, Ali"]
[Black "Van Nies, Pauline"]
[Result "1/2-1/2"]
[WhiteElo "2267"]
[BlackElo "2063"]
[PlyCount "46"]
[EventDate "2005.10.21"]

1. e4 c5 2. Nf3 d6 3. d4 cxd4 4. Nxd4 Nf6 5. Nc3 Nc6 6. Bc4 e6 7. Bb3 Be7 8.
Be3 a6 9. Qe2 Qc7 10. O-O-O b5 11. g4 Nxd4 12. Bxd4 O-O 13. g5 Nd7 14. h4 b4
15. Na4 Nc5 16. g6 Nxb3+ 17. axb3 fxg6 18. e5 Bb7 19. exd6 Qxd6 20. Rhe1 Bf3
21. Qxe6+ Qxe6 22. Rxe6 Bxh4 23. Rg1 Rfe8 1/2-1/2

[Event "Essent open"]
[Site "Hoogeveen"]
[Date "2005.10.24"]
[Round "4"]
[White "Rooda, Kai"]
[Black "Meijer, Dolf"]
[Result "1-0"]
[WhiteElo "2132"]
[BlackElo "2226"]
[PlyCount "133"]
[EventDate "2005.10.21"]

1. d4 d5 2. Nf3 e6 3. c4 c6 4. e3 f5 5. Qc2 Nf6 6. Nbd2 Bd6 7. g3 O-O 8. Bg2
Nbd7 9. O-O Qe8 10. Ne1 Qh5 11. Nd3 g5 12. Nf3 Qg6 13. Nfe5 Bxe5 14. Nxe5 Nxe5
15. dxe5 Ng4 16. f4 h5 17. h3 Nh6 18. b3 Kh7 19. Ba3 Rg8 20. Qf2 h4 21. Be7
hxg3 22. Qxg3 gxf4 23. Qxg6+ Rxg6 24. exf4 Bd7 25. Kf2 Rag8 26. Rg1 Nf7 27. Bf3
Be8 28. Rxg6 Rxg6 29. Rc1 Rh6 30. Bg2 Nh8 31. Bg5 Rg6 32. b4 Rg7 33. Bf6 Rf7
34. Bf3 Ng6 35. Bg5 dxc4 36. Rxc4 Rd7 37. Ke3 Ne7 38. Bxe7 Rxe7 39. Rd4 Rd7 40.
Rd6 Rxd6 41. exd6 Kg7 42. b5 c5 43. Bxb7 Bxb5 44. Ba6 Bd7 45. Kd3 Kf6 46. Kc4
e5 47. fxe5+ Kxe5 48. Kxc5 f4 49. h4 f3 50. h5 Kf5 51. Bb7 f2 52. Ba6 Kg5 53.
Be2 Kh6 54. Kd5 Bg4 55. Bf1 Bd7 56. Ke5 Kxh5 57. Kf6 Kg4 58. Ke7 Ba4 59. d7
Bxd7 60. Kxd7 Kf4 61. Kc6 Ke5 62. a4 Kd4 63. a5 Ke5 64. a6 Ke6 65. Kb7 Kd7 66.
Bg2 Kd8 67. Bh3 1-0

[Event "Essent open"]
[Site "Hoogeveen"]
[Date "2005.10.24"]
[Round "4"]
[White "Potze, Rudolf"]
[Black "Van Ruitenburg, Joost"]
[Result "1/2-1/2"]
[WhiteElo "2128"]
[BlackElo "2216"]
[PlyCount "38"]
[EventDate "2005.10.21"]

1. e4 e5 2. Nf3 Nc6 3. Bb5 Nge7 4. c3 g6 5. O-O Bg7 6. d4 exd4 7. cxd4 d5 8.
exd5 Nxd5 9. Re1+ Be6 10. Bg5 Qd6 11. Nbd2 O-O 12. Ne4 Qb4 13. Bxc6 bxc6 14.
Qc1 Rfe8 15. b3 Qb6 16. Nc5 Bf5 17. Qd2 Qb4 18. Rac1 a5 19. h3 f6 1/2-1/2

[Event "Essent open"]
[Site "Hoogeveen"]
[Date "2005.10.24"]
[Round "4"]
[White "Van Geffen, Ben"]
[Black "Van der Veen, Jan"]
[Result "1/2-1/2"]
[WhiteElo "2118"]
[BlackElo "2196"]
[PlyCount "86"]
[EventDate "2005.10.21"]

1. e4 e5 2. Nf3 Nc6 3. d4 exd4 4. Bc4 Nf6 5. O-O Nxe4 6. Re1 d5 7. Bxd5 Qxd5 8.
Nc3 Qa5 9. Nxe4 Be6 10. Neg5 O-O-O 11. Nxe6 fxe6 12. Rxe6 Bd6 13. Bg5 Rde8 14.
Qe1 Qxe1+ 15. Raxe1 Kd7 16. Rxe8 Rxe8 17. Rxe8 Kxe8 18. Kf1 Kd7 19. Bd2 h5 20.
Ke2 Ke6 21. Kd3 Kd5 22. Nxd4 Nxd4 23. c4+ Ke6 24. Kxd4 Bxh2 25. g3 h4 26. Bf4
h3 27. Ke4 g5 28. Bxg5 Bxg3 29. Kf3 Be5 30. b3 Kf5 31. Bh4 c6 32. Bd8 Bd6 33.
Ba5 Be5 34. Bd2 a6 35. Be3 Bd6 36. Bd4 Bf4 37. Bb6 Bd6 38. Bd4 Bf4 39. Bb6 Bd6
40. Bd8 Be5 41. Bb6 Bb8 42. Bd8 Bd6 43. Bh4 Be5 1/2-1/2

[Event "Essent open"]
[Site "Hoogeveen"]
[Date "2005.10.24"]
[Round "4"]
[White "Holscher, Peter"]
[Black "Cako, Laszlo"]
[Result "0-1"]
[WhiteElo "2069"]
[BlackElo "2193"]
[PlyCount "76"]
[EventDate "2005.10.21"]

1. Nf3 Nf6 2. g3 e6 3. Bg2 d5 4. d4 Be7 5. O-O O-O 6. b3 b6 7. c4 c6 8. Ba3 Ba6
9. Qc1 Nbd7 10. Nbd2 Rc8 11. Bxe7 Qxe7 12. Qb2 Rfe8 13. Rfe1 c5 14. Qa3 Nb8 15.
Rac1 dxc4 16. Nxc4 b5 17. Nce5 c4 18. Qa5 Nd5 19. bxc4 bxc4 20. Nd2 Nb6 21. Ne4
f6 22. Nf3 Rc7 23. Nc5 Bc8 24. Nd2 e5 25. e3 exd4 26. exd4 Qxe1+ 27. Rxe1 Rxe1+
28. Nf1 Rd1 29. Qc3 Bf5 30. Qf3 Bc2 31. Qe2 Rxf1+ 32. Bxf1 Bg6 33. Qe6+ Bf7 34.
Qd6 Rc8 35. a4 c3 36. Bd3 Nc6 37. Bf5 Re8 38. Qxc6 Re1+ 0-1

[Event "Essent open"]
[Site "Hoogeveen"]
[Date "2005.10.24"]
[Round "4"]
[White "Drost, Peter"]
[Black "Kulago, Alexander"]
[Result "0-1"]
[WhiteElo "2190"]
[BlackElo "2103"]
[PlyCount "108"]
[EventDate "2005.10.21"]

1. d4 d5 2. c4 e6 3. Nf3 Nf6 4. g3 dxc4 5. Qa4+ Nbd7 6. Bg2 a6 7. Qxc4 b5 8.
Qc2 Bb7 9. O-O Be7 10. Nbd2 c5 11. e4 Rc8 12. d5 exd5 13. e5 Ne4 14. e6 fxe6
15. Nxe4 dxe4 16. Nd2 Nf6 17. Re1 O-O 18. Nxe4 Nd5 19. Qe2 Qb6 20. Bg5 Rce8 21.
h4 h6 22. Qh5 e5 23. Rad1 Qe6 24. Bc1 c4 25. Qe2 Bc6 26. a3 Rd8 27. Bd2 Nf6 28.
Bc3 Nxe4 29. Rxd8 Bxd8 30. Bxe4 Bb6 31. Rf1 Bxe4 32. Qxe4 Qf5 33. Qxf5 Rxf5 34.
Kg2 Bd4 35. f3 Rf7 36. a4 Rd7 37. axb5 axb5 38. f4 e4 39. Re1 e3 40. Kf3 Bc5
41. Rc1 Kf7 42. g4 g6 43. Ke2 Ke6 44. f5+ gxf5 45. gxf5+ Kxf5 46. Rf1+ Kg4 47.
Rg1+ Kxh4 48. Be1+ Kh5 49. Rg8 Bd4 50. Rb8 Rd5 51. Bc3 Bxc3 52. bxc3 Re5 53.
Rg8 Kh4 54. Rg1 h5 0-1

[Event "Essent open"]
[Site "Hoogeveen"]
[Date "2005.10.24"]
[Round "4"]
[White "Hendriks, Peter"]
[Black "Woudt, Edwin"]
[Result "1-0"]
[WhiteElo "2121"]
[BlackElo "2103"]
[PlyCount "47"]
[EventDate "2005.10.21"]

1. d4 d5 2. c4 e5 3. dxe5 d4 4. Nf3 Nc6 5. Nbd2 Nge7 6. Nb3 Nf5 7. a3 Be6 8.
Qd3 Qd7 9. g4 Nh6 10. h3 O-O-O 11. Bg2 Ng8 12. Bf4 h5 13. O-O-O hxg4 14. hxg4
Rxh1 15. Rxh1 Bxg4 16. Nfxd4 Nxd4 17. Nxd4 Qa4 18. Qe4 c6 19. Bg5 Rd7 20. Qxg4
Qxc4+ 21. Kb1 Be7 22. Bxe7 Nxe7 23. Bf3 Ng6 24. e6 1-0

[Event "Essent open"]
[Site "Hoogeveen"]
[Date "2005.10.24"]
[Round "4"]
[White "Schelwokat, Peter"]
[Black "Archangelsky, Mikhail"]
[Result "0-1"]
[WhiteElo "2076"]
[BlackElo "2293"]
[PlyCount "84"]
[EventDate "2005.10.21"]

1. e4 e6 2. Nc3 d5 3. exd5 exd5 4. d4 c6 5. Bd3 Bd6 6. Nge2 Qc7 7. Be3 Ne7 8.
Qd2 Nf5 9. Bxf5 Bxf5 10. Ng3 Bg6 11. O-O-O Nd7 12. Rde1 O-O 13. h4 Bxg3 14.
fxg3 Qxg3 15. h5 Bf5 16. Ref1 Be4 17. Nxe4 dxe4 18. Rf4 Qg5 19. h6 g6 20. Rxf7
Qd5 21. Rg7+ Kh8 22. b3 b5 23. Qb4 Rf7 24. c4 bxc4 25. bxc4 Qe6 26. d5 cxd5 27.
Qc3 Qe5 28. Bd4 Qf4+ 29. Kc2 Rxg7 30. Bxg7+ Kg8 31. cxd5 Qf2+ 32. Kb1 Rb8+ 33.
Ka1 Qc5 34. Rc1 Qxd5 35. Bh8 Qf7 36. Qc7 Re8 37. Qxa7 e3 38. Re1 e2 39. Qd4 Qe7
40. Qd5+ Qf7 41. Qd4 Qe7 42. Qd5+ Kxh8 0-1

[Event "Essent open"]
[Site "Hoogeveen"]
[Date "2005.10.25"]
[Round "5"]
[White "Willemze, Thomas"]
[Black "Van der Wiel, John"]
[Result "1/2-1/2"]
[WhiteElo "2363"]
[BlackElo "2503"]
[PlyCount "46"]
[EventDate "2005.10.21"]

1. e4 e5 2. Nf3 Nc6 3. Nc3 Nf6 4. Bb5 Nd4 5. Bc4 Nxf3+ 6. Qxf3 d6 7. d3 Be6 8.
Bb3 Be7 9. h3 O-O 10. O-O a5 11. Qe2 Qd7 12. f4 exf4 13. Bxf4 a4 14. Bxe6 fxe6
15. a3 e5 16. Bg3 Qe6 17. Kh1 c6 18. Rf2 b5 19. Raf1 g6 20. Bh2 Nh5 21. Rxf8+
Rxf8 22. Rxf8+ Bxf8 23. Qe3 Qf7 1/2-1/2

[Event "Essent open"]
[Site "Hoogeveen"]
[Date "2005.10.25"]
[Round "5"]
[White "Souleidis, Georgios"]
[Black "Nijboer, Friso"]
[Result "0-1"]
[WhiteElo "2421"]
[BlackElo "2545"]
[PlyCount "116"]
[EventDate "2005.10.21"]

1. e4 c5 2. Nf3 d6 3. d4 cxd4 4. Qxd4 Nc6 5. Bb5 Bd7 6. Bxc6 Bxc6 7. Nc3 Nf6 8.
Bg5 e6 9. O-O-O Be7 10. Rhe1 Qa5 11. Kb1 O-O 12. Qd2 Kh8 13. Nd4 Rfd8 14. f3
Be8 15. h4 a6 16. h5 h6 17. Be3 Rac8 18. g4 Nd7 19. f4 Nc5 20. Qg2 Na4 21. Nxa4
Bxa4 22. b3 Bd7 23. g5 Rg8 24. Rg1 e5 25. Nf5 Bxf5 26. exf5 exf4 27. Rd5 Qc7
28. Bxf4 Bxg5 29. Bxg5 hxg5 30. h6 g6 31. c4 f6 32. h7 Rg7 33. fxg6 Rxg6 34.
Qe4 Rh6 35. Qe6 Qxh7+ 36. Kb2 Qg8 37. Qxd6 Re8 38. Rg2 Qf8 39. Qd7 Rh7 40. Qf5
Qg7 41. Rgd2 Rf8 42. Rd8 Qe7 43. Rxf8+ Qxf8 44. c5 Rf7 45. Qg6 Qg7 46. Qf5 Qh7
47. Qc8+ Kg7 48. c6 bxc6 49. Qxa6 Qe4 50. a4 Re7 51. Qc8 Qe6 52. Qb8 Qe5+ 53.
Qxe5 Rxe5 54. Rd6 f5 55. Rxc6 f4 56. Rc1 f3 57. Rf1 g4 58. b4 Rg5 0-1

[Event "Essent open"]
[Site "Hoogeveen"]
[Date "2005.10.25"]
[Round "5"]
[White "Naumkin, Igor"]
[Black "Rozentalis, Eduardas"]
[Result "1/2-1/2"]
[WhiteElo "2445"]
[BlackElo "2585"]
[PlyCount "66"]
[EventDate "2005.10.21"]

1. d4 Nf6 2. c4 e6 3. Nf3 Nc6 4. a3 d6 5. Nc3 g6 6. e4 Bg7 7. Be2 O-O 8. O-O
Re8 9. Bg5 h6 10. Bh4 g5 11. Bg3 Nh5 12. d5 exd5 13. cxd5 Nxg3 14. hxg3 Nb8 15.
Nd2 Nd7 16. Bg4 Nc5 17. Bxc8 Rxc8 18. Qc2 c6 19. dxc6 bxc6 20. Rae1 Qf6 21. Nd1
a5 22. Re3 Qg6 23. Rfe1 Rb8 24. Qc4 a4 25. Nf3 Qe6 26. Qc2 Qg6 27. Qc4 Rb3 28.
e5 Rxe3 29. Nxe3 Bxe5 30. Ng4 Nd3 31. Qxc6 Re6 32. Re3 Bxb2 33. Qxa4 Nc5
1/2-1/2

[Event "Essent open"]
[Site "Hoogeveen"]
[Date "2005.??.??"]
[Round "5"]
[White "Ernst, Sipke"]
[Black "Sareen, Vishal"]
[Result "1-0"]
[WhiteElo "2473"]
[BlackElo "2375"]
[PlyCount "75"]
[EventDate "2005.10.21"]

1. d4 d5 2. c4 c6 3. Nf3 e6 4. e3 Bd6 5. Nc3 f5 6. Ne5 Nf6 7. f4 O-O 8. Be2 b6
9. O-O Bb7 10. Qc2 Ne4 11. Nxe4 dxe4 12. b4 c5 13. bxc5 bxc5 14. Rb1 Qc7 15.
Qb3 Bc8 16. Bd2 Nd7 17. Qa4 Nb6 18. Qa5 Bd7 19. Rfd1 Ba4 20. Rdc1 Rfd8 21. Bc3
Be8 22. Qa6 Rab8 23. g4 cxd4 24. exd4 Bxe5 25. fxe5 Qf7 26. c5 Nd5 27. Ba5 f4
28. Bxd8 Rxd8 29. Qa5 Rc8 30. Ba6 Qg6 31. Rb2 Rc7 32. Bc4 Ne3 33. h3 Rd7 34. c6
Rxd4 35. c7 Nxc4 36. Qc5 Rd3 37. c8=Q {Diagram #} Rg3+ 38. Rg2 1-0

[Event "Essent open"]
[Site "Hoogeveen"]
[Date "2005.10.25"]
[Round "5"]
[White "Atalik, Suat"]
[Black "Brodsky, Michail"]
[Result "1/2-1/2"]
[WhiteElo "2620"]
[BlackElo "2564"]
[PlyCount "29"]
[EventDate "2005.10.21"]

1. d4 d5 2. c4 c6 3. Nf3 Nf6 4. Nc3 dxc4 5. a4 e6 6. e3 c5 7. Bxc4 Nc6 8. O-O
cxd4 9. Nxd4 Bd7 10. Bb5 Nxd4 11. Qxd4 a6 12. Bxd7+ Qxd7 13. Qxd7+ Kxd7 14. Bd2
Bd6 15. a5 1/2-1/2

[Event "Essent open"]
[Site "Hoogeveen"]
[Date "2005.10.25"]
[Round "5"]
[White "Spoelman, Wouter"]
[Black "Kolev, Atanas"]
[Result "1-0"]
[WhiteElo "2362"]
[BlackElo "2559"]
[PlyCount "87"]
[EventDate "2005.10.21"]

1. e4 c5 2. Nf3 Nc6 3. d4 cxd4 4. Nxd4 Nf6 5. Nc3 e5 6. Ndb5 d6 7. Bg5 a6 8.
Na3 b5 9. Bxf6 gxf6 10. Nd5 f5 11. Bd3 Be6 12. O-O Bxd5 13. exd5 Ne7 14. c3 Bg7
15. Qh5 e4 16. Bc2 O-O 17. Rae1 Qc8 18. Bb3 a5 19. Qg5 Qb7 20. f3 h6 21. Qg3 a4
22. Bc2 b4 23. Nc4 Qxd5 24. fxe4 Qc5+ 25. Ne3 f4 26. Rxf4 Ng6 27. Rf5 Be5 28.
Qh3 Kg7 29. cxb4 Qxb4 30. Ref1 Bd4 31. Kh1 Bxe3 32. Qxe3 Qxb2 33. Rh5 Rh8 34.
Qf2 Raf8 35. e5 Nxe5 36. Qf6+ Kg8 37. Bb1 Nc4 38. Qf4 Nd2 39. Rh4 f5 {Diagram #
} 40. Rg4+ Kf7 41. Qxf5+ Ke7 42. Re1+ Kd8 43. Qa5+ Kc8 44. Rg7 1-0

[Event "Essent open"]
[Site "Hoogeveen"]
[Date "2005.10.25"]
[Round "5"]
[White "Kharitonov, Alexandr"]
[Black "Hasanova, Elmira"]
[Result "1-0"]
[WhiteElo "2545"]
[BlackElo "2342"]
[PlyCount "90"]
[EventDate "2005.10.21"]

1. d4 Nf6 2. c4 g6 3. g3 Bg7 4. Bg2 d5 5. cxd5 Nxd5 6. e4 Nb6 7. Ne2 O-O 8. O-O
e5 9. d5 c6 10. Nbc3 cxd5 11. exd5 Na6 12. b3 Bf5 13. Ba3 Re8 14. Qd2 Qd7 15.
Rfd1 Rad8 16. Rac1 Nc7 17. d6 Ne6 18. Ne4 Nd4 19. Rc7 Qb5 20. N2c3 Qa5 21. Qb2
Bxe4 22. Bxe4 Na8 23. Rc5 b5 24. d7 Rxd7 25. Bc6 Qd8 26. Bxd7 Qxd7 27. Qb1 Bf8
28. Rd5 Qh3 {Diagram #} 29. R5xd4 exd4 30. Nxb5 Bxa3 31. Nxa3 Re5 32. Rxd4 Rh5
33. Rd8+ Kg7 34. Qb2+ f6 35. f3 Nb6 36. Qd2 Qf5 37. Qe3 Nc8 38. g4 Rg5 39. h4
Rxg4+ 40. fxg4 Qxg4+ 41. Kf1 Qf5+ 42. Qf2 Qh3+ 43. Kg1 Ne7 44. Rd4 Nf5 45. Ra4
Kh6 1-0

[Event "Essent open"]
[Site "Hoogeveen"]
[Date "2005.10.25"]
[Round "5"]
[White "Goloshchapov, Alexander"]
[Black "Habu, Yoshiharu"]
[Result "1-0"]
[WhiteElo "2523"]
[BlackElo "2341"]
[PlyCount "89"]
[EventDate "2005.10.21"]

1. e4 c5 2. Nf3 d6 3. d4 cxd4 4. Nxd4 Nf6 5. Nc3 a6 6. Be3 e5 7. Nb3 Be6 8. f3
Nbd7 9. g4 Nb6 10. g5 Nh5 11. Qd2 Be7 12. O-O-O O-O 13. Kb1 Rc8 14. Rg1 Qc7 15.
Qf2 Bd8 16. Rg2 Bh3 17. Rg1 Be6 18. h4 g6 19. Rg2 Bh3 20. Rg1 Be6 21. Rg2 Bh3
22. Rh2 Bxf1 23. Qxf1 Nc4 24. Nd5 Qc6 25. Nc1 a5 26. Nd3 b5 27. Bc1 Nb6 28. f4
Ng3 29. Qh3 Nxe4 30. Nxb6 Bxb6 31. Rf1 exf4 32. Rxf4 d5 33. h5 Bc7 34. hxg6
Qxg6 35. Rh1 Bxf4 36. Nxf4 Qg7 37. Nxd5 Rc4 38. Qd7 Kh8 39. b3 Nc3+ 40. Nxc3
Rxc3 41. Qxb5 Rcc8 42. Bb2 f6 43. gxf6 Qf7 44. Qf5 a4 {Diagram #} 45. Qxh7+ 1-0

[Event "Essent open"]
[Site "Hoogeveen"]
[Date "2005.10.25"]
[Round "5"]
[White "Vedder, Richard"]
[Black "Michielsen, Joost"]
[Result "1/2-1/2"]
[WhiteElo "2224"]
[BlackElo "2362"]
[PlyCount "38"]
[EventDate "2005.10.21"]

1. e4 c5 2. Nf3 e6 3. Nc3 a6 4. g3 b5 5. Bg2 Bb7 6. d4 cxd4 7. Nxd4 Nf6 8. O-O
b4 9. Na4 Nxe4 10. Re1 d5 11. Nxe6 fxe6 12. Qh5+ Kd7 13. Bxe4 dxe4 14. Rd1+ Bd5
15. Rxd5+ exd5 16. Qxd5+ Kc8 17. Qxa8 Qd1+ 18. Kg2 Qf3+ 19. Kg1 Qd1+ 1/2-1/2